Microelectronic circuit design / (رقم التسجيلة. 30491)

تفاصيل مارك
000 -الفاتح
حقل البيانات ثابتة الطول 01002nam a2200301Ia 4500
001 - رقم الضبط
رقم الضبط 298436477
003 - محدد رقم الضبط
رقم الضبط OCoLC
005 - وقت وتاريخ اخر تعامل مع التسجيلة
رقم الضبط 20150408114138.0
008 - عناصر البيانات ثابتة الطول - معلومات عامة
حقل البيانات ثابتة الطول 090115s2008 maua b 001 0 eng d
020 ## - الرقم الدولى المعيارى للكتب
الرقم الدولى المعيارى للكتاب 9780071274098
شروط الاتاحة (pbk.)
020 ## - الرقم الدولى المعيارى للكتب
الرقم الدولى المعيارى للكتاب 007127409x
شروط الاتاحة (pbk.)
035 ## - رقم ضبط النظام
رقم ضبط النظام (OCoLC)298436477
040 ## - مصدر الفهرسة
وكالة الفهرسة الأصلية Ma-Un
082 ## - رقم تصنيف ديوى العشرى
رقم الطبعة 23
رقم التصنيف 621.3815
100 1# - المدخل الرئيسى - إسم شخصى
الإسم الشخصى Jaeger, Richard C.
9 (RLIN) 36711
245 10 - بيان العنوان
العنوان Microelectronic circuit design /
بيان المسئوليه,etc Richard C. Jaeger; Travis N. Blalock.
250 ## - بيان الطبعة
بيان الطبعة 3rd ed., international ed.
260 ## - PUBLICATION, DISTRIBUTION, ETC. (IMPRINT)
مكان الناشر او الموزع Boston [u.a.] :
اسم الناشر او الموزع McGraw-Hill,
تاريخ النشر أو التوزيع 2008.
300 ## - الوصف المادى
التعداد xxiv, 1190 p. :
تفاصيل ماديه اخرى للوعاء ill.
490 1# - بيان السلسلة
عنوان السلسلة Electronics and VLSI circuits.
504 ## - تبصرة ببليوجرافية
تبصرة ببليوجرافية,الخ Includes bibliographical references and index.
650 #0 - المدخل الاضافى بالموضوع-مصطلح موضوعى
مصطلح موضوعي أو اسم جغرافي كعنصر مدخل Electronic circuit design.
9 (RLIN) 36712
650 #0 - المدخل الاضافى بالموضوع-مصطلح موضوعى
مصطلح موضوعي أو اسم جغرافي كعنصر مدخل Integrated circuits
التقسيم الفرعي العام Design and construction.
9 (RLIN) 11830
650 #0 - المدخل الاضافى بالموضوع-مصطلح موضوعى
مصطلح موضوعي أو اسم جغرافي كعنصر مدخل Semiconductors
التقسيم الفرعي العام Design and construction.
9 (RLIN) 11829
650 #0 - المدخل الاضافى بالموضوع-مصطلح موضوعى
مصطلح موضوعي أو اسم جغرافي كعنصر مدخل Microelectronics.
9 (RLIN) 36713
700 1# - المدخل الاضافى - اسم شخصى
الإسم الشخصى Blalock, Travis N.
9 (RLIN) 36714
942 ## - عناصر المدخل الإضافي( كوها)
مصدر التصنيف او مخطط الترفيف Dewey Decimal Classification
Koha [default] item type كتاب
المقتنيات
حالة الفقد نموذج السعر الفعال حالة تلف ليس للاعارة رقم الطلب رقم النسخة تاريخ الاكتساب الموقع الحالي الباركود الفرع الرئيسي Date last checked out Date last seen نوع المادة فى نظام كوها مصدر التصنيف او خطة الترفيف Total Checkouts
  2013-08-23     621.3815 JRM 1 2013-08-23 المكتبة المركزية بالمجمعة (CL) 00450960 المكتبة المركزية بالمجمعة (CL)   2013-08-23 كتاب Dewey Decimal Classification  
  2013-08-23     621.3815 JRM 2 2013-08-23 المكتبة المركزية بالمجمعة (CL) 00450959 المكتبة المركزية بالمجمعة (CL)   2013-08-23 كتاب Dewey Decimal Classification  
  2013-08-23   Not For Loan 621.3815 JRM 3 2013-08-23 المكتبة المركزية بالمجمعة (CL) 00450958 المكتبة المركزية بالمجمعة (CL)   2013-08-23 كتاب Dewey Decimal Classification  
  2013-08-22     621.3815 JRM 1 2013-08-22 مكتبة كلية التربية بالزلفى - طالبات (EZF) 00450963 مكتبة مجمع الكليات بالزلفى - طلاب (SZM) 2016-11-07 2016-11-07 كتاب Dewey Decimal Classification 1
  2013-08-22     621.3815 JRM 2 2013-08-22 مكتبة مجمع الكليات بالزلفى - طلاب (SZM) 00450962 مكتبة مجمع الكليات بالزلفى - طلاب (SZM)   2013-08-22 كتاب Dewey Decimal Classification  
  2013-08-22   Not For Loan 621.3815 JRM 3 2013-08-22 مكتبة مجمع الكليات بالزلفى - طلاب (SZM) 00450961 مكتبة مجمع الكليات بالزلفى - طلاب (SZM)   2016-11-07 كتاب Dewey Decimal Classification